01272naa#a2200229#i#4500001001500000005001700015011001400032100004100046102000700087200018900094210011400283215001000397608004500407675019700452686010100649700005400750700005200804700005400856700006600910700005200976856001401028RU\\bibl\4994420260513163541.3##a2073-0462##a20220423b2022####ek#y0rusy0150####ca##aRU1#aПРИМЕНЕНИЕ ЦИФРОВЫХ ТЕХНОЛОГИЙ ДЛЯ СНИЖЕНИЯ УГЛЕРОДНОГО СЛЕДА В ЖИВОТНОВОДСТВЕeЖурнальная статья1#aКазаньcКазанский государственный аграрный университетd2022##a6 с.##aЖурнальная статья2local##aОбщие вопросы сельского хозяйства. 631aОрганизация и управление сельскохозяйственным производством. 631.15##aЭкономика и организация сельского хозяйства. 68.752grnti#1aКлычоваgГузалия Салиховна#1aЗакироваgАлсу Рафкатовна#1aЮсуповаgАльфия Рафкатовна#1aКлычоваgАйгуль Сейитмухамедовна#1aГаллямовgЭльмир Азатович4#azh-szf.ru